000 00646nam a2200289Ia 4500
005 20260324120525.0
008 008 260324s9999 xx 000 0 eng d
020 _a9781315649382
037 _aEBOOK
040 _aCRL
040 _beng
040 _cCRL
041 _2eng
041 _aeng
084 _qCRL
100 _aMarijn S Kaplan
_91158907
245 0 _aMalvina
245 0 _bby Sophie Cottin
260 _bTaylor and Francis
260 _c2015
365 _a
365 _b67.99
856 _uhttp://www.taylorfrancis.com/books/9781315649382
942 _cEBOOK
999 _c1750496
_d1750496